| 000 | 01044nam a2200265Ia 4500 | ||
|---|---|---|---|
| 008 | 130821s2004 ck gr spa | ||
| 020 | _a9586534065 | ||
| 040 |
_aCo-BoUCM _bspa |
||
| 041 | 0 | 0 | _aspa |
| 100 | 1 |
_aReyes Gonzalez, Guillermo Francisco. _958389 |
|
| 245 | 1 | 0 |
_aTratado de derecho electoral el nuevo orden político y electoral en Colombia _cGuillermo Francisco Reyes González |
| 260 |
_aBogotá (Colombia) _bfundación Konrad Adenauer Stiftung _c2004 |
||
| 300 | _a824 páginas | ||
| 504 | _aIncluye bibliografía y glosario. | ||
| 650 | 0 | 4 |
_aDerecho constitucional _912725 |
| 650 | 0 | 4 |
_aDerecho electoral _zColombia _950104 |
| 650 | 0 | 4 |
_aElecciones _xLegislación _zColombia _913957 |
| 650 | 0 | 4 |
_aParticipación política _zColombia _927484 |
| 650 | 0 | 4 |
_aPartidos políticos _97900 |
| 650 | 0 | 4 |
_aPartidos políticos _zColombia _937930 |
| 650 | 0 | 4 |
_aSufragio _zColombia _924927 |
| 651 |
_aColombia _xDerecho constitucional _930641 |
||
| 942 |
_cLIBRO _a8 _e1 _mR457t _2DEWEY _h342.07861 |
||
| 999 |
_c45806 _d45806 |
||